000 00439nam a22001697a 4500
008 180703b xxu||||| |||| 00| f tur d
020 _a9789759174873
041 _atur
050 _a PL248.A728
100 _aAral, İnci
_91004
245 _aSafran Sarı : Yeni Yalan Zamanlar 3
250 _a1. Basım
260 _aİstanbul
_bMerkez Kitaplar
_cMart 2007
300 _a316 Sayfa
650 0 _9145
_aTürk Edebiyatı
942 _2lcc
_cBK
999 _c2275
_d2235